[Event "Moscow Tal Memorial 6th"]
[Site "Moscow"]
[Date "2011.11.18"]
[Round "3"]
[White "Ivanchuk, Vassily"]
[Black "Aronian, Levon"]
[Result "0-1"]
[WhiteElo "2775"]
[BlackElo "2802"]
[Annotator "Postny,E"]
[PlyCount "114"]
[EventDate "2011.11.16"]
[EventType "tourn"]
[EventRounds "9"]
[EventCountry "RUS"]
[EventCategory "22"]
[SourceTitle "CBM 146"]
[Source "ChessBase"]
[SourceDate "2012.01.18"]
[SourceVersion "1"]
[SourceVersionDate "2012.01.18"]
[SourceQuality "1"]

1. e4 e5 2. Nf3 Nc6 3. Bb5 Nf6 4. O-O Nxe4 5. d4 Nd6 6. Bxc6 dxc6 7. dxe5 Nf5
8. Qxd8+ Kxd8 9. Nc3 Ke8 10. h3 h5 {One of the main crossroads for Black,
whether to put the pawn on h5 or h6. The alternative 10...h6 is cautious,
while the move in the text is directed to fight against White's pawn offensive
on the kingside. Its only drawback is the weakening of the g5-square.} 11. Bf4
(11. Bg5 Be6 {is another line that has appeared recently at the top level.})
11... Bd7 $146 {Another novelty from Levon. Black is going to develop his
queenside rook before continuing the development of the other flank.
Previously, Black automatically played 11...Be7.} (11... Be7 12. Rad1 Be6 (
12... Nh4 13. Nd4 Nf5 14. Nce2 g5 15. Bh2 Nxd4 16. Nxd4 Rh6 17. Rfe1 Bc5 18. e6
Bxe6 19. Nxe6 Rxe6 20. Rxe6+ fxe6 21. Bxc7 Ke7 {+/=/= 1/2-1/2 Caruana,F (2714)
-Jakovenko,D (2732)/Mulhouse 2011/CB22_2011 (43)}) 13. Ng5 Rh6 14. g3 Bxg5 15.
Bxg5 Rg6 16. h4 f6 17. exf6 gxf6 18. Bf4 Nxh4 19. f3 Rd8 $11 {1/2-1/2 Anand,V 
(2817)-Nakamura,H (2753)/Sao Paulo/Bilbao 2011/CB40_2011 (36)}) 12. Rad1 Rd8
13. b3 (13. Ne4 Be7 14. Rfe1 Be6 15. Nfg5 Rxd1 16. Rxd1 Bc8 {This seems to be
playable for Black. Later on he can drive White's outposted knight by f7-f6.})
13... Be7 14. Rfe1 $6 {Allows the move that now follows.} (14. Ne4 Be6 15. c4 {
As long as White keeps more minor pieces on the board he can fight for an
advantage.}) 14... Bb4 {The pin itself is not so frightening for White.
However, the point is that Black will now exchange his dark-squared bishop.
This will solve his development problems.} 15. Bd2 Bc8 16. Ne2 Bxd2 17. Nxd2
Ne7 {An important square for the knight.} 18. Nc4 (18. c4 Ng6 19. f4 Ke7 $11)
18... Nd5 {[%cal Gd5b4]} 19. a3 Ke7 20. f3 {Trying to slowly prepare the
offensive on the kingside.} h4 {Fixing the kingside and at the same time
preparing the rook manoeuvre that follows on the next move.} 21. Kf2 Rh5 {
In the "Berlin endgame" the problem of developing this rook is often very
apparent for Black. This is one of the possible ways to solve it.} 22. Rd2 Re8
23. Nd4 Kf8 24. a4 {Ivanchuk is seeking to slightly improve his position also
on the other side of the board.} a6 25. a5 Nb4 26. Ne2 Nd5 27. Nd4 Ne7 {
Levon is not in the mood to repeat moves!} 28. Re4 Rh6 $6 {Even if this
provocation worked out well, it would have been objectively safer to go back
28...Nd5 with equality.} 29. f4 $6 (29. e6 $1 {This is a typical idea and was
a good chance to seize the initiative.} Bxe6 (29... fxe6 30. Ne2 (30. Ne5 $44)
30... Nd5 31. Ne5 $44) 30. Nxe6+ Rxe6 (30... fxe6 31. Rf4+ Nf5 32. Ne5 $14) 31.
Rxe6 fxe6 32. Ne5 Rc8 33. Rd4 Nf5 34. Rb4 Rd8 35. Nd3 $14 {[%csl Rb7]}) 29...
Nd5 30. Kf3 $6 {Vassily clearly overestimated his chances.} (30. Nf3 Bf5 31.
Red4 Nc3 32. Ng5 c5 33. Rd8 f6 34. Ne3 fxg5 35. Nxf5 Ne4+ 36. Ke2 Nxd2 37.
Rxe8+ Kxe8 38. Nxh6 Nxb3 39. cxb3 gxh6 40. f5 b5 $11) 30... Rg6 {With the very
unpleasant threat 31...Rg3+ 32.Kf2 f5!} 31. f5 Rh6 32. Re1 $2 (32. Kf2 c5 (
32... Rh5 33. Nf3 Bxf5 34. Rxh4 Rxh4 35. Nxh4 $15) 33. Nf3 Bxf5 34. Rxh4 Rxh4
35. Nxh4 Be6 $15) 32... c5 $6 (32... Rh5 $1 {was much stronger.} 33. Ke4 (33.
Kg4 g6 $19) 33... Nc3+ 34. Kd3 Nb5 $17 {[%csl Rf5]}) 33. Ne2 Ne7 $1 {This
knight jumps forward and back throughout the whole game, but very effectively.
White's centre is collapsing.} 34. Nf4 $6 (34. f6 $1 gxf6 35. Nf4 {was the
least of the evils with some counterchances.}) 34... Nxf5 {Now Black is a
healthy pawn up.} 35. c3 Ne7 36. Red1 Ng6 37. Nd3 (37. Rd5 Nxf4 38. Kxf4 Rc6
$17 {[%cal Gc8e6]}) 37... Be6 38. Re1 Rh5 39. Kf2 (39. Nxc5 Bxc4 40. Nd7+ Kg8
41. bxc4 Rf5+ 42. Ke2 Nxe5 43. Kd1 f6 $19) 39... Rf5+ 40. Kg1 Bxc4 41. bxc4
Nxe5 {White could already resign.} 42. Rde2 f6 43. Re4 (43. Nxc5 Nf3+ 44. gxf3
Rxe2 45. Rxe2 Rxc5 46. Rb2 Rxc4 47. Rxb7 Rxc3 $19) 43... b6 44. axb6 cxb6 45.
Rxh4 {White has won back one pawn, but the endgame is hopeless.} Ng6 46. Rhe4
Rxe4 47. Rxe4 Kf7 48. Re2 Ne5 49. g4 Rf3 50. Nxe5+ fxe5 51. Kg2 Rxc3 52. Rf2+
Kg6 53. Rb2 a5 54. Rxb6+ Kg5 55. Rb5 a4 {Two passed pawns decide.} 56. Rxc5 Kf4
57. Ra5 a3 0-1

[Event "Corus-B"]
[Site "Wijk aan Zee"]
[Date "2006.01.24"]
[Round "9"]
[White "Cheparinov, Ivan"]
[Black "Naiditsch, Arkadij"]
[Result "1-0"]
[WhiteElo "2625"]
[BlackElo "2657"]
[Annotator "Postny,E"]
[PlyCount "57"]
[EventDate "2006.01.14"]
[EventType "tourn"]
[EventRounds "13"]
[EventCountry "NED"]
[EventCategory "15"]
[SourceTitle "CBM 111"]
[Source "ChessBase"]
[SourceDate "2006.04.04"]
[SourceVersion "1"]
[SourceVersionDate "2006.04.04"]
[SourceQuality "1"]

1. e4 e5 2. Nf3 Nc6 3. Bb5 Nf6 4. O-O Nxe4 5. d4 Nd6 6. Bxc6 dxc6 7. dxe5 Nf5
8. Qxd8+ Kxd8 9. Nc3 Ne7 10. h3 h6 11. Bf4 {This way of developing the
dark-squared bishop is very rare. The plan connected with b2-b3 and Bc1-b2 is
far more common.} (11. Ne4 Ng6 (11... b6 12. b3 Bd7 13. Bb2 c5 14. Ng3 Be6 15.
Nh5 g5 16. Nd2 Ng6 17. c4 Kd7 18. Ne4 Kc6 19. g4 a6 $132 {1/2-1/2 Shirov,A 
(2736)-Topalov,V (2735)/Monaco 2004/CBM 099 ext (42)}) 12. b3 a5 13. a4 Bd7 14.
Bb2 Nf4 15. Rad1 $14 {0-1 Bologan,V (2700)-Naiditsch,A (2612)/Saint Vincent
2005/CBM 110_01 [Postny,E] (51)}) (11. b3 Ng6 12. Bb2 Bd7 13. Rad1 Kc8 14. Rfe1
Nf4 15. Nd4 a5 16. Nce2 Ne6 17. Nxe6 Bxe6 18. Nd4 $14 {1-0 Anand,V (2753)
-Almasi,Z (2676)/Monte Carlo 2003/CBM 093 ext (93)}) 11... Bd7 $6 {Naiditsch
wants to hide his king on the queenside. However, in this case the move 9...
Ne7 was not necessary. The mix of two ideas is rather risky for black when he
is far behind in development.} ({Another plan is:} 11... Ng6 12. Bg3 Ke8) 12.
Rad1 Kc8 13. Rd2 $1 $146 {Cheparinov is intending to double the rooks along
the "d" file.} (13. Bh2 Ng6 14. Nd4 c5 15. Nde2 Bc6 16. Nd5 b5 17. f4 Kb7 18.
Nec3 Rd8 19. f5 Ne7 20. Ne3 $16 {1-0 Kaminski,M (2559)-Kamberi,S (2348)/Dallas
2001/EXT 2005 (40)}) 13... Be6 14. Nd4 Bc4 {Black must keep this bishop away
from an exchange.} 15. Rfd1 Ng6 16. Bg3 Bb4 17. Nf5 {The position becoming
sharp now, but white has more grounds to be on top, since all his pieces are
taking part in the game.} Bxc3 18. bxc3 Bxa2 19. Nxg7 b5 $8 (19... Bd5 $2 20.
c4 $1 Bxc4 21. Rd7 {[%csl Rc7][%cal Cc4e6,Ce6d7,Ge5e6]} Be6 $8 22. Nxe6 fxe6
23. Rg7 Nf8 24. Bh4 b6 25. Rd8+ Kb7 26. Rxa8 Kxa8 27. Rxc7 $18) 20. Rd7 Nf8 ({
Risky but interesting is:} 20... Kb7 $5 21. e6 fxe6 22. Rxc7+ (22. Bxc7 Nf8 23.
Re7 Ng6 24. Rf7 e5 {[%csl Rf7] kicking the rook away from 7th rank.}) 22... Kb6
23. Rdd7 Rhd8 24. Rb7+ Kc5 25. Rxd8 Rxd8 26. Rxa7 $14) 21. Rd8+ Kb7 22. Rxa8
Kxa8 23. Rd8+ Kb7 24. f4 {White looks clearly winning, but the matters are not
yet clear.} Rh7 $1 (24... Rg8 25. Nf5 $18) (24... a5 25. Bf2 a4 26. Bc5 Ng6 27.
Rxh8 Nxh8 28. f5 $18 {[%csl Ge5,Gf5,Rh8][%cal Ca2b1,Cb1c2,Ge5e6]}) 25. Ne8 $1 (
25. Nh5 $6 Ne6 26. Rg8 f5 $8 27. exf6 Nxf4 28. Rg7 Rxg7 29. Nxg7 Ne2+ 30. Kf2
Nxc3 31. Be5 Ne4+ 32. Ke3 Ng5 33. h4 Nf7 34. Bf4 a5 {and the following pawns
race is rather hard to access.}) 25... Bd5 $2 {This loses quickly.} (25... Ne6
{was the only move.} 26. Rd7 Kc8 27. Nf6 (27. f5 $2 Kxd7 28. Nf6+ Kd8 29. Nxh7
Nc5 $15) 27... Rh8 28. f5 Nc5 (28... Ng7 $2 29. e6 $18 {[%csl Rc7]}) 29. Rd1
Bc4 30. Bf2 Na4 31. Ra1 $16) 26. f5 $18 {Now it's all over for black, since
his knight can't come out from f8.} a5 27. Bf2 Rh8 28. Nf6 b4 29. cxb4 ({After
} 29. cxb4 a4 {white can choose between many winning continuations, for
example:} 30. Nxd5 cxd5 31. e6) 1-0

[Event "Cuernavaca Young Masters"]
[Site "Cuernavaca"]
[Date "2006.02.07"]
[Round "5"]
[White "Volokitin, Andrei"]
[Black "Karjakin, Sergey"]
[Result "1-0"]
[WhiteElo "2665"]
[BlackElo "2660"]
[Annotator "Postny,E"]
[PlyCount "75"]
[EventDate "2006.02.03"]
[EventType "tourn"]
[EventRounds "9"]
[EventCountry "MEX"]
[EventCategory "16"]
[SourceTitle "CBM 112"]
[Source "ChessBase"]
[SourceDate "2006.06.07"]
[SourceVersion "1"]
[SourceVersionDate "2006.06.07"]
[SourceQuality "1"]

1. e4 e5 2. Nf3 Nc6 3. Bb5 Nf6 4. O-O Nxe4 5. d4 Nd6 6. Bxc6 dxc6 7. dxe5 Nf5
8. Qxd8+ Kxd8 9. Nc3 Ne7 10. h3 h6 11. Be3 ({More common way of play is} 11. b3
{developing the bishop to b2.}) 11... Nd5 {This way black is trying to solve
his problems on the spot.} (11... Ke8 12. Rad1 Bd7 13. Rfe1 Rd8 14. Ne4 Bf5 15.
Nc5 b6 16. Na6 Nd5 17. c4 Nxe3 18. Nxc7+ Ke7 19. fxe3 Rd7 20. Na6 Bc2 21. Rxd7+
Kxd7 22. Nb8+ Kc7 23. Nxc6 Kxc6 24. Nd4+ Kc5 25. Nxc2 Kxc4 $14 {1-0 Smirnov,P 
(2601)-Aronian,L (2645)/Tripoli 2004/CBM 102 (62)}) (11... Bd7 12. Rad1 Kc8 13.
Rd2 b6 14. Rfd1 Be6 15. Nd4 Nd5 16. Nxc6 Nxc3 17. Rd8+ Kb7 18. bxc3 Bd6 19.
Rxh8 Rxh8 20. exd6 Kxc6 21. dxc7 Kxc7 $11 {1/2-1/2 Polgar,J (2732)-Ponomariov,
R (2695)/Sofia BUL 2005/The Week in Chess 550 (29)}) (11... Ng6 12. Rad1+ Ke8
13. a3 Be7 14. Rfe1 h5 (14... Bd7 15. Ne4 b6 16. Bd2 Be6 17. Nd4 c5 18. Nxe6
fxe6 19. f4 Rf8 20. g3 $14 {1-0 Volokitin,A (2558)-Jonkman,H (2456)/
Bundesliga2 2003 (41)}) 15. Nd4 h4 16. f4 Rh5 17. Ne4 Bd7 18. c4 b6 19. a4 Rd8
20. Ne2 Bf8 21. a5 Bb4 22. Bd2 Be7 23. Be3 Bb4 24. Bd2 Be7 25. Be3 Bb4 {
1/2-1/2 Motylev,A (2675)-Karjakin,S (2645)/Tiayuan 2005}) 12. Rad1 Be6 13. Nd4
$146 {A very interesting and concrete idea. Volokitin does not mind to spoil
his pawn structure. It's quite important for white to eliminate black's
light-squared bishop.} (13. Ne4 Bf5 14. Rd4 Ke8 15. Bc1 Rd8 16. Re1 c5 17. Nd6+
cxd6 18. Rxd5 Be6 19. Rd3 Be7 20. exd6 Rxd6 $11 {1-0 Shen Yang (2326)-Ruan
Lufei (2345)/Beijing CHN 2005/The Week in Chess 573 (71)}) 13... Nxe3 14. fxe3
$1 (14. Nxe6+ $6 Ke7 15. fxe3 (15. Nxc7 $2 Nxd1 16. Nxa8 Nxc3 17. bxc3 Ke6 $19
{White's knight can't come out.}) 15... Kxe6 16. Ne2 Bc5 17. Nd4+ Bxd4 18. exd4
Rhd8 $11) 14... Ke8 $2 {Karjakin wanted to keep the diagonal opened for his
dark-squared bishop. However, it was more important not to split the kingside
pawn and to activize the king.} (14... Ke7 $1 15. Nxe6 Kxe6 16. Ne2 {- see 14.
Nxe6.}) 15. Nxe6 fxe6 16. Ne2 $16 {White lost his pawn majority on the
kingside, but his knight is far more mobile than thee black bishop. Black's
Pe6 and light squares on the kingside are vulnerable.} Bc5 17. Rf3 Rf8 18. Kf2
Rf5 (18... Rd8 19. Rxd8+ Kxd8 20. Nf4 Kd7 21. Ng6 Rxf3+ 22. gxf3 {White has
excellent winning chances here.}) 19. Rxf5 exf5 20. Kf3 Ke7 21. e4 g6 (21...
fxe4+ 22. Kxe4 Rf8 23. Nf4) (21... Rf8 22. Nf4 {In both cases black can not
bee satisfied with his position.}) 22. exf5 ({But not} 22. Nf4 $2 g5 23. Ng6+
Ke6) 22... gxf5 23. Nf4 Rg8 24. g4 fxg4+ 25. hxg4 {White achieved the main
dream in "Berlin defense" - a strong passed pawn in the centre!} Rg5 26. Rh1
Kf7 27. Rh5 $1 (27. e6+ Kg7 28. e7 Kf7 29. Ne6 Re5 {with chances to survive.})
27... Be7 (27... Rxh5 28. gxh5 Bd4 29. Nd3 {followed by Ke4, c3, Nf4 and Kf5
+-.}) 28. Nh3 Rg6 29. Nf4 Rg5 30. Ng2 $1 {A starting point for white's knight
where ffrom it can be transfered either to f5 or to f3.} Rg6 31. Nh4 Re6 32.
Kf4 c5 33. Kf5 Ra6 34. Nf3 Bf8 35. g5 $1 {The triumph of Volokitin's strategy.
White's combined forces create a decisive attack against the black king.} Ke8 (
35... hxg5 36. Rh7+ Ke8 37. Rxc7 $18) 36. e6 $1 hxg5 37. Rh8 Ke7 (37... Rxa2
38. Ne5 $1 Ra1 39. Ng6 Rf1+ 40. Kg4 $18 {[%cal Re6e7]}) 38. Ne5 (38. Ne5 {
[%cal Ge5g6]} Bg7 39. Ng6+ Kd6 40. Rd8+ Kc6 41. e7 $18) 1-0

[Event "EU-ch 6th"]
[Site "Warsaw"]
[Date "2005.06.22"]
[Round "5"]
[White "Parligras, Mircea Emilian"]
[Black "Aleksandrov, Aleksej"]
[Result "1-0"]
[WhiteElo "2560"]
[BlackElo "2635"]
[Annotator "Postny,E"]
[PlyCount "87"]
[EventDate "2005.06.18"]
[EventType "swiss"]
[EventRounds "13"]
[EventCountry "POL"]
[SourceTitle "CBM 108"]
[Source "ChessBase"]
[SourceDate "2005.09.26"]
[SourceVersion "1"]
[SourceVersionDate "2005.09.26"]
[SourceQuality "1"]

1. e4 e5 2. Nf3 Nc6 3. Bb5 Nf6 4. O-O Nxe4 5. d4 Nd6 6. Bxc6 dxc6 7. dxe5 Nf5
8. Qxd8+ Kxd8 9. Nc3 Ne7 10. h3 Bf5 {A highly provocative move.} ({More common
continuations are:} 10... Ng6) ({and} 10... Ke8) 11. g4 $1 {The most
principled continuation. At a price of a pawn, white gains several tempoes to
advance his kingside pawns and grab more space. Current game gives a lot of
credit to this sacrifice.} (11. Nd4 Bg6 12. Be3 Nd5 13. Nxd5 cxd5 14. Rad1 Kc8
15. f4 Be4 16. Ne2 c6 17. c3 f5 18. exf6 gxf6 19. Ng3 Bg6 20. f5 Bf7 21. Ne2
Bd6 22. Nf4 Re8 {1/2-1/2 Sokolov,A-Fontaine,R/2005}) (11. Rd1+ Kc8 12. Rd2 h6
13. b3 Nd5 14. Nxd5 cxd5 15. Rxd5 Bxc2 16. Bb2 {1/2-1/2 Ehlvest,J-Bacrot,E/
Moscow 2005}) 11... Bxc2 12. Nd4 Bg6 13. f4 $146 (13. Rd1 Kc8 14. f4 c5 15.
Nde2 f5 16. exf6 gxf6 17. f5 Bf7 18. Ne4 Nc6 19. Nxf6 Bg7 20. Bg5 a5 21. Nf4
Ra6 22. Kg2 h6 23. Bh4 Nb4 24. Ne4 Bxb2 25. Nxc5 Rc6 26. Rab1 Be5 $15 {1/2-1/2
Iordachescu,V-Georgiev,Ki/Budva 2004 (52)}) 13... c5 14. Nf3 $1 {[%mdl 4]} f5
15. Nh4 $1 fxg4 $6 {Black had a tough choice, but this one could hardly be the
best one. Now, white gets a free hand on the kingside, as there is no blockade
anymore.} (15... Kd7 16. Rd1+ Ke6 17. Nb5 Rc8 18. Nxa7 Ra8 19. Nb5 Rc8 20. Be3
Nc6 21. gxf5+ Bxf5 22. Nxf5 Kxf5 23. Rd7 $16) ({An interesting attempt would
have been:} 15... h6 $5 {[%cal Gg6h7]} 16. Be3 (16. Nxg6 $140 Nxg6 17. gxf5 Nh4
{[%csl Rf5]}) 16... b6 17. Rad1+ Kc8 18. Nxg6 Nxg6 19. gxf5 Nh4) 16. Rd1+ Kc8
17. hxg4 Nc6 (17... h5 18. f5 Be8 19. g5 {with total domination.}) 18. f5 Be8
19. Nf3 Nd4 ({Deserved attention} 19... h5 $5 20. g5 h4 {[%cal Ge8h5]}) 20.
Nxd4 cxd4 21. Ne4 c5 22. b4 $1 Bc6 $2 {After this black's position is already
beyond saving.} ({The only reasonable was:} 22... Ba4 $1 23. Rd2 Bc6 24. Nxc5
b6 25. Ne6 Bxb4 {Compared to the continuation in the game, here black takes
the pawn with tempo.} 26. Rc2 Kb7 27. Bd2 Ba3 {and the matters are not that
clear yet.}) 23. Nxc5 b6 24. Ne6 Bxb4 25. Bb2 $18 Re8 26. Bxd4 Rxe6 $1 {
This is black's last practical chance to eliminate white's proud knight and
central pawns by the exchange sacrifice.} 27. fxe6 Kb7 28. Rf1 Rd8 29. Rf7+ Ka6
30. a3 $1 {Parligras is playing precisely.} Bd2 31. Bf2 Bg5 32. Rxg7 h6 33. Re1
Rd3 34. Rc7 Ba4 35. e7 {This pawn will cost black a piece.} Rxa3 36. Re4 (36.
e6 $1 {[%cal Gc7d7] was quicker.}) 36... Bb5 37. Rb4 Be8 38. Rd4 Bg6 39. Rc6
Bf7 40. Re6 Ra1+ 41. Kg2 Ra2 42. e8=Q Bxe8 43. Rxe8 Be3 44. Ra4+ (44. Ra4+ Rxa4
45. Bxe3 Rxg4+ 46. Kf3 {[%csl Ge5] with an easy win.}) 1-0

[Event "CHN-chT"]
[Site "China"]
[Date "2015.07.27"]
[Round "11.21"]
[White "Wan, Yunguo"]
[Black "Wang, Hao"]
[Result "1-0"]
[WhiteElo "2477"]
[BlackElo "2713"]
[Annotator "Primel,D"]
[PlyCount "53"]
[EventDate "2015.04.10"]
[EventType "team-match"]
[EventRounds "22"]
[EventCountry "CHN"]
[SourceTitle "EXT 2019"]
[Source "ChessBase"]
[SourceDate "2018.10.10"]
[SourceVersion "1"]
[SourceVersionDate "2018.10.10"]
[SourceQuality "1"]
[WhiteTeam "Heibei"]
[BlackTeam "Beijing"]
[WhiteTeamCountry "CHN"]
[BlackTeamCountry "CHN"]
[TimeControl "5400+30"]

1. e4 e5 2. Nf3 Nc6 3. Bb5 Nf6 {Le Top GMI veut jouer une partie technique
mais la cadence rapide est un peu incompatible avec les longues manoeuvres du
mur de Berlin} 4. O-O Nxe4 5. Re1 $5 {Cette variante a connu un regain de
popularité depuis quelques années.} (5. d4 {La grande ligne}) 5... Nd6 6.
Nxe5 Be7 7. Bf1 (7. Bd3 $5) 7... O-O (7... Nxe5 8. Rxe5 O-O 9. Nc3 Bf6 10. Re1
Re8 11. Nd5 Rxe1 12. Nxf6+ Qxf6 13. Qxe1 b6 14. d3 Bb7 15. Qb4 Re8 16. Qf4 Qg6
17. Bd2 h6 18. b4 c5 19. bxc5 bxc5 20. Be3 Rc8 21. Rb1 Qe6 22. c4 g5 23. Qg3
Nf5 24. Qg4 Nxe3 25. Qxe6 dxe6 26. Rxb7 Nf5 27. Rxa7 g4 28. h3 h5 29. hxg4 hxg4
30. Be2 Nh6 31. Ra5 Kg7 32. a4 Kf6 33. Rb5 Ke5 34. a5 Kd4 35. a6 Ra8 36. Ra5
Ra7 37. Kh2 {Giri,A (2768)-Anand,V (2793) London 2014 1/2-1/2}) (7... Nf5 8.
Nf3 O-O 9. d4 d5 10. c3 Bd6 $132) 8. d4 Nf5 9. d5 (9. Nf3 d5 10. c3) 9... Nxe5
10. Rxe5 d6 11. Re1 Re8 $146 {Un coup naturel mais un peu passif} (11... Bf6
12. Nd2 Nh4 {Anand,V (2804)-McShane,L (2645) London Classic 2nd 2010 (5) 1/2} (
12... Bg5 13. Ne4 Bxc1 14. Rxc1 $32)) 12. Nc3 Nh4 (12... Bf6 13. Ne4) 13. Ne4
$1 {Empêche Bf6 ou Bg5} Bd7 (13... Bf8 14. Bg5 (14. Qh5 {[%csl Rf7,Rh4,Rh7]
[%cal Ge4g5,Gc1g5]}) 14... Be7 15. Qh5 Bxg5 16. Nxg5 $18 {[%csl Rf7,Rh4,Rh7]})
14. Qh5 $14 g6 15. Qh6 Bf8 16. Qg5 $1 {[%csl Rh4][%cal Ge4f6]} Kg7 {Le signe
que la position Noire n'est pas trés saine} (16... Bg7 17. Qxd8 Raxd8 18. Bg5
{[%csl Rh4]}) 17. Qg3 $36 {[%csl Rh4][%cal Gc1g5]} Nf5 $2 (17... h6 {Un
moindre mal}) 18. Qc3+ $1 {Comme souvent le couple N+Q est redoutable dans
l'attaque du K adverse} Kg8 19. Bg5 $40 {[%csl Rf6,Rg8,Rh6][%cal Ge4f6]} Bg7
20. Nf6+ Kh8 21. Nxe8 $1 Bxc3 22. Bxd8 Rxd8 23. Nxd6 $1 {[%cal Gd6f7] La
pointe car la menace Nf7 regagne la qualité} cxd6 24. bxc3 Kg7 (24... Rc8 25.
c4 Nd4 26. Rac1 Bf5 27. Bd3) 25. Reb1 b6 26. a4 Rc8 27. c4 1-0